000 00488nam a2200181Ia 4500
008 090123s9999 xx 000 0 und d
082 _b3014
_a891.463/कदम
100 _aकदम बाबा
245 _aपद्मजा
250 _a1
260 _b"रंजना,कनकेश्वर"
300 _a186
600 _aकदम बाबा
630 _aपद्मजा
700 _aकदम बाबा
730 _aपद्मजा
942 _cBOOK
999 _c41094
_d41094